|
003 -Nazwa inst., której nr kontr. jest w polu 001 [,]
|
-
- @
- Nazwa instytucji, której n kontrolny jest w polu 001
- NUKAT
|
|
005 -DATA I CZAS OSTATNIEJ MODYFIKACJI [,]
|
-
- @
- pole kontrolne
- 20241231094158.0
|
|
020 -Międzynarod. znormalizowany nr książki - ISBN [ , ]
|
-
- a
- Numer ISBN
- 9788379725243
|
|
040 -Instytucja sporządzająca opis [ , ]
|
-
- a
- Instytucja, która sporządziła opis (NP)
- SZCZ U/AB
-
- b
- Język katalogowania
- pol
-
- e
- Zasady katalogowania
- rda
-
- c
- Instytucja, która sporządziła rekord (NP)
- SZCZ U/ABs
-
- d
- Instytucja, która zmodyfikowała rekord (P)
- KAT U/DB
|
|
041 -Język dokumentu [ , ]
|
-
- a
- Język tekstu (P)
- polski
-
- a
- Język tekstu (P)
- niemiecki
|
|
942 -Rodzaj dokumentu [ , ]
|
-
- c
- Rodzaj dokumentu
- Książka
|
|
245 -Strefa tytułu i oznaczenia odpowiedzialności [0,0]
|
-
- a
- Tytuł
- Studium efektywnego nauczania zdalnego w szkołach podstawowych :
-
- b
- Ciąg dalszy tytułu (NP)
- model nauki zdalnej dla niemieckich i polskich szkół podstawowych w pasie przygranicznym w miejscowościach Gartz, Casekow, Tantow, Kołbaskowo, Przecław i Będargowo w obliczu zagrożenia pandemicznego COVID-19 = Studium des efektiven Fernunterrichts in den Grundschulen : Homeschooling-Model für deutsche und polnische Grundschulen im grenznahen Streifen, in den Ortschaften Gartz, Casekow, Tantow, Kołbaskowo, Przecław und Będargowo hinsichtlich der Infektionsgefahr durch COVID-19 /
-
- c
- Pozostałe elementy strefy tytułu i oznaczenia odpowiedzialności (NP)
- Magdalena Majchrzak, Piotr Gutowski, Ewelina Gutowska, Monika Klein ; Uniwersytet Szczeciński.
|
|
246 -Wariant tytułu [3,1]
|
-
- a
- Tytuł (NP)
- Studium des efektiven Fernunterrichts in den Grundschulen :
-
- b
- Ciąg dalszy tytułu (NP)
- Homeschooling-Modell für deutsche und polnische Grundschulen im grenznahen Streifen, in den Ortschaften Gartz, Casekow, Tantow, Kołbaskowo, Przecław und Będargowo hinsichtlich der Infektionsgefahr durch COVID-19
|
|
246 -Wariant tytułu [3,0]
|
-
- a
- Tytuł (NP)
- Model nauki zdalnej dla niemieckich i polskich szkół podstawowych w pasie przygranicznym w miejscowościach Gartz, Casekow, Tantow, Kołbaskowo, Przecław i Będargowo w obliczu zagrożenia pandemicznego COVID-19
|
|
250 -Strefa wydania [ , ]
|
-
- a
- Oznaczenie wydania (NP)
- Wydanie I.
|
|
260 -Strefa adresu wydawniczego [ , ]
|
-
- a
- Miejsce wydania (P)
- Szczecin :
-
- b
- Nazwa wydawcy (P)
- Wydawnictwo Naukowe Uniwersytetu Szczecińskiego,
-
|
|
700 -Hasło dodatkowe - nazwa osobowa [1, ]
|
-
- a
- Nazwa osobowa (NP)
- Majchrzak, Magdalena.
-
- e
- Określenie rodzaju współpracy
- Autor
-
|
|
700 -Hasło dodatkowe - nazwa osobowa [1, ]
|
-
- a
- Nazwa osobowa (NP)
- Gutowski, Piotr
-
- c
- Dopowiedzenie inne niż daty biograficzne (NP)
- (ekonomia).
-
- e
- Określenie rodzaju współpracy
- Autor
-
|
|
700 -Hasło dodatkowe - nazwa osobowa [1, ]
|
-
- a
- Nazwa osobowa (NP)
- Gutowska, Ewelina.
-
- e
- Określenie rodzaju współpracy
- Autor
-
|
|
700 -Hasło dodatkowe - nazwa osobowa [1, ]
|
-
- a
- Nazwa osobowa (NP)
- Klein, Monika
-
- c
- Dopowiedzenie inne niż daty biograficzne (NP)
- (zarządzanie).
-
- e
- Określenie rodzaju współpracy
- Autor
-
|
|
710 -Hasło dodatkowe - nazwa ciała zbiorowego [2, ]
|
-
- a
- Nazwa ciała zbiorowego lub nazwa geograficzna jako pierwszy element (NP)
- Uniwersytet Szczeciński.
-
- e
- Rodzaj współpracy
- Instytucja sprawcza
-
|
|
710 -Hasło dodatkowe - nazwa ciała zbiorowego [2, ]
|
-
- a
- Nazwa ciała zbiorowego lub nazwa geograficzna jako pierwszy element (NP)
- Uniwersytet Szczeciński.
-
- b
- Nazwa jednostki podrzędnej (P)
- Wydawnictwo Naukowe.
-
- e
- Rodzaj współpracy
- Wydawca
-
-
|